000 00540ntaaa2200193 4500
003 01
005 20251027202320.0
008 0714s1973 ag 01
040 _aAR-BaBN
_bspa
_cAR-BaBN
_eaacr
_dRIC
082 _a280.4000 B66
100 _aBouyer, Louis
_914839
245 _aThe spirit and forms of protestantism
250 _a1 ed.
260 _aLondon :
_bCollins,
_c1954, c1956
300 _a285 p
500 _aInterpretación católica del protestantismo.
650 _aProtestantismo-Catolicismo-Apologética
_921730
942 _cBK
999 _c17978
_d17978